[Event "ICS rated blitz match"]
[Site "204.178.125.65"]
[Date "2001.07.15"]
[Round "?"]
[White "ChesterX"]
[Black "Hossa"]
[Result "1-0"]
[WhiteElo "2765"]
[BlackElo "2668"]
[PlyCount "122"]
[EventDate "2001.??.??"]

1. Nf3 d5 2. c4 dxc4 3. e3 b5 4. b3 cxb3 5. Bxb5+ c6 6. Bc4 bxa2 7. Rxa2 e6 8.
O-O Nf6 9. d4 Be7 10. Ba3 O-O 11. Bxe7 Qxe7 12. Qb3 c5 13. dxc5 Ne4 14. Rc2
Nxc5 15. Qa3 Bb7 16. Nbd2 Bxf3 17. Nxf3 a6 18. Bb5 Rc8 19. Rfc1 Qd8 20. Ne5 f6
21. Rxc5 Rxc5 22. Qxc5 axb5 23. Qc8 Nd7 24. Qxd7 fxe5 25. Qxe6+ Kh8 26. Qxe5 b4
27. Qb2 Rb8 28. e4 b3 29. h3 Qb6 30. Rc3 Kg8 31. Rg3 g6 32. Rc3 Qd6 33. Rc1 Kf7
34. e5 Qb6 35. e6+ Kxe6 36. Qg7 b2 37. Re1+ Kd5 38. Qf7+ Kc5 39. Re5+ Kb4 40.
Re4+ Ka3 41. Qe7+ Kb3 42. Re3+ Kc4 43. Qf7+ Kc5 44. Rc3+ Kd4 45. Qg7+ Kd5 46.
Qd7+ Ke5 47. Qe7+ Kd4 48. Qe3+ Kd5 49. Rd3+ Kc4 50. Qe4+ Kb5 51. Rb3+ Ka5 52.
Ra3+ Kb5 53. Qc2 b1=Q+ 54. Qxb1+ Kc5 55. Qc1+ Kd5 56. Rd3+ Ke5 57. Qc3+ Ke4 58.
Rd7 Qb1+ 59. Kh2 Qg1+ 60. Kxg1 Rb1+ 61. Kh2 Rh1+ {Hossa resigns} 1-0

[Event "ICS Rated blitz match"]
[Site "204.178.125.65"]
[Date "2001.07.15"]
[Round "?"]
[White "Hossa"]
[Black "perucho"]
[Result "0-1"]
[WhiteElo "2656"]
[BlackElo "2815"]
[PlyCount "142"]
[EventDate "2001.??.??"]

1. e4 c5 2. Nf3 Nc6 3. d4 cxd4 4. Nxd4 e5 5. Nxc6 bxc6 6. Bc4 Ba6 7. Bxa6 Qa5+
8. Nc3 Qxa6 9. Qf3 d6 10. Ne2 h6 11. O-O Nf6 12. b3 d5 13. Nc3 d4 14. Na4 Qc8
15. Qg3 Qe6 16. f3 Nh5 17. Qf2 Bd6 18. Nb2 O-O 19. Nc4 Bb4 20. Qh4 Nf6 21. a3
Bc5 22. Kh1 Rfe8 23. a4 Nd7 24. a5 Qg6 25. Ba3 Bxa3 26. Rxa3 a6 27. Rd1 Nc5 28.
b4 Nb7 29. Nb6 Rad8 30. Rad3 c5 31. Nd5 Qd6 32. bxc5 Nxc5 33. R3d2 f5 34. c3
Nb3 35. Rd3 fxe4 36. fxe4 Nc5 37. Rg3 Nxe4 38. Qxe4 Qxd5 39. Qg6 Qf7 40. Qxa6
dxc3 41. Rf1 Qc7 42. Qxh6 c2 43. Qc1 Rd5 44. Ra3 Red8 45. Ra1 Rd1 46. Qxd1
cxd1=R 47. Rfxd1 Rxd1+ 48. Rxd1 e4 49. a6 e3 50. h3 Qa5 51. Kh2 e2 52. Rh1 Qxa6
53. Kg3 Qf6 54. h4 Qf1 55. Rxf1 exf1=Q 56. Kh3 Qf2 57. Kh2 Qxh4+ 58. Kg1 Qe1+
59. Kh2 g5 60. g4 Qf2+ 61. Kh1 Qf1+ 62. Kh2 Qf4+ 63. Kg2 Kf8 64. Kg1 Qf3 65.
Kh2 Qxg4 66. Kh1 Qf3+ 67. Kh2 g4 68. Kg1 Qe2 69. Kh1 g3 70. Kg1 Qf2+ 71. Kh1
Qh2# {Hossa checkmated} 0-1

[Event "ICS Rated blitz match"]
[Site "204.178.125.65"]
[Date "2001.07.15"]
[Round "?"]
[White "perucho"]
[Black "Hossa"]
[Result "1/2-1/2"]
[WhiteElo "2824"]
[BlackElo "2647"]
[PlyCount "194"]
[EventDate "2001.??.??"]

1. d4 d5 2. Bg5 h6 3. Bh4 c6 4. Nf3 Qb6 5. Nbd2 Qxb2 6. e3 g5 7. Bg3 Bg7 8. c4
Nf6 9. Bd3 Qc3 10. Ke2 O-O 11. c5 b6 12. cxb6 axb6 13. Bxb8 Rxb8 14. Rc1 Qa3
15. Rxc6 Qxa2 16. Qb1 Qxb1 17. Rxb1 Rd8 18. Rcxb6 Rxb6 19. Rxb6 Nd7 20. Rc6 g4
21. Ne1 Nf6 22. Nb3 Bf8 23. Nc5 e6 24. f4 h5 25. Nc2 h4 26. h3 gxh3 27. gxh3
Nh5 28. Ne1 e5 29. fxe5 Bxh3 30. Nf3 Bg4 31. Kf2 h3 32. Nh2 Bc8 33. Be2 Ng7 34.
Bg4 Bxg4 35. Nxg4 Bxc5 36. Rxc5 Ne6 37. Rxd5 Rc8 38. Kg3 Rc1 39. Kxh3 Rg1 40.
Nf6+ Kg7 41. Nh5+ Kg6 42. Ng3 Re1 43. Rd6 Rxe3 44. d5 Rxe5 45. Kg4 f5+ 46. Kf3
Kf6 47. dxe6 Rxe6 48. Rd4 Ke5 49. Rb4 Rd6 50. Rb3 Rd5 51. Re3+ Kf6 52. Nh5+ Kg5
53. Nf4 Ra5 54. Rb3 Ra6 55. Nh3+ Kf6 56. Nf2 Kg6 57. Rc3 Rf6 58. Kf4 Rb6 59.
Rc4 Re6 60. Rd4 Kg7 61. Rd8 Rb6 62. Nd3 Rf6 63. Ne5 Rf8 64. Rd7+ Kf6 65. Rd6+
Ke7 66. Ra6 Rf6 67. Ra7+ Kd6 68. Rd7+ Ke6 69. Rd8 Rh6 70. Nf3 Rh1 71. Re8+ Kd7
72. Ra8 Rf1 73. Ra6 Ke7 74. Rh6 Rf2 75. Rg6 Rf1 76. Rg7+ Ke6 77. Rg8 Rf2 78.
Rd8 Kf6 79. Rd6+ Kg7 80. Rc6 Rf1 81. Rb6 Kf7 82. Rd6 Kg7 83. Rc6 Kf7 84. Rh6
Ke7 85. Rg6 Kf7 86. Rb6 Rf2 87. Ke3 Rg2 88. Ne5+ Ke7 89. Ng6+ Kf7 90. Nf4 Rg1
91. Ra6 Rh1 92. Kf3 Rf1+ 93. Ke3 Rh1 94. Nd5 Re1+ 95. Kf4 Re6 96. Ra7+ Kg6 97.
Ne3 Rf6 {Game drawn by the 50 move rule} 1/2-1/2

[Event "ICS Rated blitz match"]
[Site "204.178.125.65"]
[Date "2001.07.15"]
[Round "?"]
[White "Hossa"]
[Black "Egwugwu"]
[Result "1/2-1/2"]
[WhiteElo "2655"]
[BlackElo "2114"]
[PlyCount "85"]
[EventDate "2001.??.??"]

1. e4 Nf6 2. e5 Nd5 3. Nc3 Nxc3 4. bxc3 d5 5. Nf3 Bg4 6. Be2 e6 7. Rb1 b6 8.
O-O Be7 9. d4 O-O 10. Nd2 Bxe2 11. Qxe2 c5 12. Ba3 Nc6 13. Qg4 cxd4 14. Bxe7
Qxe7 15. cxd4 Rac8 16. Rb2 Na5 17. Qh3 Nc4 18. Nxc4 Rxc4 19. Qd3 Rfc8 20. f4
Rc3 21. Qd2 Qc7 22. Rf2 a5 23. f5 exf5 24. Qg5 g6 25. Rd2 a4 26. Qf6 a3 27.
Rxb6 Rxc2 28. Rf2 Rc1+ 29. Rf1 Rxf1+ 30. Kxf1 Qc1+ 31. Ke2 Qc2+ 32. Ke1 Qxa2
33. Rc6 Qb1+ 34. Kf2 Rxc6 35. Qxc6 a2 36. Qxd5 Qc2+ 37. Kg3 Qd3+ 38. Kf2 Qd2+
39. Kf3 Qd3+ 40. Kf2 Qd2+ 41. Kf3 Qd3+ 42. Kf2 Qd2+ 43. Kf3 {
Game drawn by repetition} 1/2-1/2

[Event "ICS rated blitz match"]
[Site "204.178.125.65"]
[Date "2001.07.15"]
[Round "?"]
[White "Tinker"]
[Black "Hossa"]
[Result "1-0"]
[WhiteElo "2514"]
[BlackElo "2640"]
[PlyCount "88"]
[EventDate "2001.??.??"]

1. e4 e5 2. Nf3 Nc6 3. Bb5 a6 4. Ba4 Nf6 5. d4 exd4 6. O-O Nxe4 7. Re1 d5 8.
Nxd4 Bc5 9. Nxc6 Bxf2+ 10. Kf1 Qd7 11. Qxd5 Qxd5 12. Nb4+ Kd8 13. Nxd5 Bxe1 14.
Kxe1 b5 15. Bb3 Re8 16. Kf1 Nc5 17. Bg5+ f6 18. Bf4 Ne6 19. Be3 a5 20. a4 Ba6
21. axb5 Bxb5+ 22. Kg1 Bc6 23. Ndc3 Nf8 24. Bf2 Re5 25. Nd2 Ng6 26. Bg3 Rf5 27.
Be6 Rh5 28. Nb3 Rg5 29. Nd4 Bb7 30. Ncb5 Ne5 31. Rd1 Ke7 32. Nxc7 Rd8 33. c3
Be4 34. Re1 Bb7 35. Bb3 Rd7 36. Nce6 Rg6 37. Nc5 Rxg3 38. hxg3 g6 39. Nxd7 Kxd7
40. Bc2 Kd6 41. Ra1 Nc4 42. b3 Ne3 43. Rxa5 Kc7 44. Bd3 Kb6 {Hossa resigns} 1-0

[Event "ICS rated blitz match"]
[Site "204.178.125.65"]
[Date "2001.07.15"]
[Round "?"]
[White "Hossa"]
[Black "ChesterX"]
[Result "0-1"]
[WhiteElo "2618"]
[BlackElo "2777"]
[PlyCount "133"]
[EventDate "2001.??.??"]

1. e4 c5 2. Nf3 Nc6 3. Bc4 d6 4. O-O Nf6 5. d3 e6 6. Bf4 Be7 7. Nbd2 O-O 8. Qe2
Nh5 9. Be3 d5 10. Ne1 Nf6 11. Bb5 Bd7 12. Nb3 Qb6 13. Bxc6 Bxc6 14. e5 Nd7 15.
c3 a5 16. Rb1 a4 17. Nd2 Nxe5 18. Bxc5 Qxc5 19. Qxe5 Bf6 20. Qh5 Qd6 21. Nc2 a3
22. d4 axb2 23. Rxb2 Ba4 24. Nb4 Rfc8 25. Nb1 Ra5 26. Nd3 Bb5 27. Rd1 b6 28.
Ne5 g6 29. Qh3 Bxe5 30. dxe5 Qxe5 31. Qh4 Bd3 32. a4 Bxb1 33. Rbxb1 Qxc3 34.
Rxb6 Qc2 35. Rf1 Rxa4 36. Qf6 Qc3 37. Qxc3 Rxc3 38. g3 d4 39. Rd6 d3 40. Rd1
Raa3 41. f4 Kf8 42. Kf2 Ke7 43. Rd4 Rc2+ 44. Kf3 Rxh2 45. R1xd3 Rxd3+ 46. Rxd3
h5 47. Rd1 Rc2 48. Rg1 Rc3+ 49. Kg2 Kf6 50. Rb1 g5 51. fxg5+ Kxg5 52. Rb5+ f5
53. Rb8 e5 54. Rg8+ Kf6 55. Rf8+ Kg6 56. Rg8+ Kf7 57. Rh8 e4 58. Rxh5 Kg6 59.
Rh8 Rc2+ 60. Kh3 e3 61. Re8 e2 62. Re7 Kf6 63. Re8 Rd2 64. g4 f4 65. g5+ Kf7
66. Re4 Rd3+ 67. Kh4 {Hossa resigns} 0-1

[Event "ICS rated standard match"]
[Site "204.178.125.65"]
[Date "2001.07.15"]
[Round "?"]
[White "QueenK"]
[Black "Hossa"]
[Result "0-1"]
[WhiteElo "2012"]
[BlackElo "2236"]
[PlyCount "43"]
[EventDate "2001.??.??"]

1. e4 c5 2. Nf3 Nc6 3. d4 cxd4 4. Nxd4 Qc7 5. c4 Nxd4 6. Qxd4 e5 7. Qd1 Nf6 8.
Nc3 Bb4 9. Bd3 Bxc3+ 10. bxc3 b5 11. Qb3 bxc4 12. Bxc4 O-O 13. Bd5 Nxd5 14.
exd5 Ba6 15. Be3 Rfc8 16. Rc1 Qa5 17. Bd2 Bc4 18. Qb2 Qxd5 19. f3 Bxa2 20. O-O
Rcb8 21. Qc2 Bb3 22. Qe4 {QueenK resigns} 0-1

[Event "ICS rated blitz match"]
[Site "204.178.125.65"]
[Date "2001.07.15"]
[Round "?"]
[White "baldomero"]
[Black "Hossa"]
[Result "0-1"]
[WhiteElo "2282"]
[BlackElo "2611"]
[PlyCount "62"]
[EventDate "2001.??.??"]

1. e4 c5 2. Nf3 Nc6 3. d4 cxd4 4. Nxd4 e6 5. Nc3 a6 6. Be2 Bb4 7. O-O Bxc3 8.
bxc3 Nf6 9. Ba3 Nxe4 10. Qd3 d5 11. Nxc6 bxc6 12. c4 Qf6 13. cxd5 cxd5 14. Bf3
Ng5 15. Bxd5 exd5 16. Qxd5 Rb8 17. Rfe1+ Ne6 18. Rad1 Rb6 19. Qc5 Bd7 20. Qxb6
Qd8 21. Qd6 h5 22. f4 g6 23. c4 Rg8 24. Re5 h4 25. g4 hxg3 26. hxg3 Rh8 27. g4
a5 28. f5 gxf5 29. gxf5 Qg5+ 30. Kf2 Rh2+ 31. Kf3 Qf4# {baldomero checkmated}
0-1

[Event "ICS rated blitz match"]
[Site "204.178.125.65"]
[Date "2001.07.15"]
[Round "?"]
[White "baldomero"]
[Black "Hossa"]
[Result "0-1"]
[WhiteElo "2274"]
[BlackElo "2619"]
[PlyCount "32"]
[EventDate "2001.??.??"]

1. e4 c5 2. Nf3 Nc6 3. d4 cxd4 4. Nxd4 Nf6 5. Nc3 e6 6. Be2 Bb4 7. O-O Bxc3 8.
bxc3 Nxe4 9. Qd3 d5 10. Ba3 e5 11. Nxc6 bxc6 12. c4 Ba6 13. Qe3 f5 14. cxd5
Bxe2 15. Qxe2 Qxd5 16. Rfd1 Nc3 {baldomero resigns} 0-1

[Event "ICS rated standard match"]
[Site "204.178.125.65"]
[Date "2001.07.15"]
[Round "?"]
[White "Leszek"]
[Black "Hossa"]
[Result "0-1"]
[WhiteElo "2034"]
[BlackElo "2243"]
[PlyCount "62"]
[EventDate "2001.??.??"]

1. e4 c5 2. Nf3 Nc6 3. d4 cxd4 4. Nxd4 Qc7 5. Nc3 e6 6. Be3 Nf6 7. f3 a6 8. a3
Nxd4 9. Bxd4 e5 10. Be3 Bc5 11. Qd2 Bxe3 12. Qxe3 O-O 13. O-O-O b5 14. g4 Bb7
15. h4 Rfd8 16. Nd5 Bxd5 17. exd5 Rac8 18. c3 d6 19. h5 Qc5 20. Qd2 e4 21. g5
e3 22. Qd3 Nd7 23. f4 a5 24. Qxb5 Rb8 25. Qxc5 Nxc5 26. b4 Ne4 27. Rh2 Nxc3 28.
Rd3 Rdc8 29. Kb2 axb4 30. axb4 Rxb4+ 31. Ka3 Rb5 {Leszek resigns} 0-1

[Event "ICS rated blitz match"]
[Site "204.178.125.65"]
[Date "2001.07.15"]
[Round "?"]
[White "Hossa"]
[Black "gerbil"]
[Result "1-0"]
[WhiteElo "2623"]
[BlackElo "2355"]
[PlyCount "105"]
[EventDate "2001.??.??"]

1. e4 e5 2. Nf3 Nf6 3. Nxe5 d6 4. Nf3 Nxe4 5. d4 d5 6. Bd3 Bd6 7. O-O O-O 8. c4
Bg4 9. cxd5 f5 10. Nc3 Nd7 11. h3 Nxc3 12. bxc3 Bh5 13. Rb1 Qc8 14. c4 b6 15.
Re1 c5 16. Ba3 Qa6 17. Rb3 Rf6 18. Re6 Raf8 19. Be2 Qa4 20. Ng5 Be8 21. Qc2 Bg6
22. Qc1 Qa5 23. Rxf6 Rxf6 24. Ne6 Qa6 25. dxc5 Nxc5 26. Bxc5 Bxc5 27. Nxc5 bxc5
28. Bd3 Qd6 29. Rb7 Qa6 30. Qb1 Rb6 31. Rb8+ Kf7 32. Rxb6 axb6 33. a4 f4 34.
Bxg6+ hxg6 35. Qe4 Qxa4 36. Qxf4+ Kg8 37. d6 Qd1+ 38. Kh2 g5 39. Qe5 Qd2 40.
Qe6+ Kh8 41. Qc8+ Kh7 42. Qf5+ g6 43. Qf7+ Kh6 44. d7 Qd6+ 45. g3 b5 46. cxb5
c4 47. Kg2 c3 48. Qe8 Qd5+ 49. Kh2 Kg7 50. Qe7+ Kh6 51. Qf8+ Kh7 52. d8=Q Qxd8
53. Qxd8 {gerbil resigns} 1-0

[Event "ICS rated blitz match"]
[Site "204.178.125.65"]
[Date "2001.07.15"]
[Round "?"]
[White "monsoon"]
[Black "Hossa"]
[Result "1-0"]
[WhiteElo "2659"]
[BlackElo "2629"]
[PlyCount "88"]
[EventDate "2001.??.??"]

1. e4 c5 2. Nf3 Nc6 3. d4 cxd4 4. Nxd4 Nf6 5. Nc3 d6 6. Bc4 Qb6 7. Nb3 Bg4 8.
f3 Ne5 9. Bxf7+ Kxf7 10. fxg4 Nexg4 11. Qe2 e6 12. Rf1 Ke8 13. h3 Ne5 14. Be3
Qc6 15. Nd4 Qc4 16. O-O-O Qxe2 17. Ndxe2 Be7 18. Nb5 Kd7 19. Bf4 Nc4 20. Bxd6
Bxd6 21. e5 Nd5 22. Nxd6 Nxd6 23. exd6 Rhf8 24. Rfe1 Rf2 25. Nd4 Re8 26. g3 g6
27. Kb1 Rg2 28. c4 Nb6 29. b3 Rxg3 30. Rf1 Kc8 31. Rf7 Rxh3 32. Rc7+ Kb8 33.
Re7 Rh8 34. d7 Nxd7 35. Rxd7 e5 36. Nb5 Rc8 37. Rf1 Ka8 38. Rff7 a6 39. Rxb7
Rh1+ 40. Kb2 Rd8 41. Ra7+ Kb8 42. Rfb7+ Kc8 43. Rc7+ Kb8 44. Rxa6 Rd2+ {
Hossa resigns} 1-0

[Event "ICS rated blitz match"]
[Site "204.178.125.65"]
[Date "2001.07.15"]
[Round "?"]
[White "Hossa"]
[Black "Amateur"]
[Result "1-0"]
[WhiteElo "2614"]
[BlackElo "2592"]
[PlyCount "109"]
[EventDate "2001.??.??"]

1. Nf3 Nf6 2. c4 b6 3. Nc3 Bb7 4. d4 e6 5. a3 d5 6. cxd5 Nxd5 7. Qa4+ Nc6 8. e4
Nxc3 9. bxc3 Qd7 10. Qc2 Be7 11. Bd3 O-O-O 12. O-O h5 13. a4 h4 14. Bb5 h3 15.
Ne5 Qe8 16. g3 Bd6 17. Bf4 Bxe5 18. Bxe5 f6 19. Bf4 g5 20. Be3 Qg6 21. Bc4 Rd6
22. Bd3 Rd7 23. Rab1 Rhh7 24. e5 f5 25. Qd2 Rh5 26. g4 Rh4 27. f3 Rg7 28. gxf5
exf5 29. Bf2 Rh8 30. Bg3 Na5 31. c4 Rh5 32. Qc2 Rf7 33. d5 Rf8 34. Be1 g4 35.
f4 Re8 36. Bxa5 bxa5 37. Be2 Rh6 38. Rb3 Ba6 39. Qd2 g3 40. Rxg3 Qb6+ 41. Kh1
Rf8 42. Qc2 Bb7 43. Rb3 Qd4 44. Rbf3 Rh5 45. Rb1 Rg8 46. Qb3 Qb6 47. Qd1 Qa6
48. c5 Qh6 49. Qb3 Kd8 50. Qxb7 Re8 51. d6 cxd6 52. Bb5 Qe6 53. Qb8+ Qc8 54.
Qxd6+ Qd7 55. Qxd7# {Amateur checkmated} 1-0

[Event "ICS rated blitz match"]
[Site "204.178.125.65"]
[Date "2001.07.15"]
[Round "?"]
[White "Amateur"]
[Black "Hossa"]
[Result "1-0"]
[WhiteElo "2577"]
[BlackElo "2629"]
[PlyCount "179"]
[EventDate "2001.??.??"]

1. d4 d5 2. c4 c6 3. Nf3 Nf6 4. Nc3 e6 5. e3 Nbd7 6. Bd3 dxc4 7. Bxc4 b5 8. Bd3
Bb7 9. O-O Be7 10. e4 b4 11. Na4 O-O 12. Qc2 c5 13. e5 Bxf3 14. exf6 Nxf6 15.
gxf3 cxd4 16. Qb3 Qc7 17. Bg5 Nd5 18. Rfc1 Qd8 19. Bxe7 Qxe7 20. Rc4 Qg5+ 21.
Kh1 Qh4 22. Be4 Qxf2 23. Rc2 Qh4 24. Bxd5 exd5 25. Rg2 Rfe8 26. Rag1 g6 27.
Qxb4 a5 28. Qc5 Re5 29. Nb6 Rd8 30. Qxa5 Qf6 31. Rf1 Rd6 32. Na4 Ra6 33. Qb5
Rh5 34. Qe8+ Kg7 35. b4 Re6 36. Qd7 Rf5 37. Rgf2 Qh4 38. Qb5 Rh5 39. Nc5 Re1
40. Rg2 Rhe5 41. Rfg1 Rxg1+ 42. Rxg1 Qf2 43. Qf1 Qxa2 44. Qd1 Qc4 45. Rg4 Qc3
46. Kg2 f6 47. Rxd4 Qb2+ 48. Rd2 Qxb4 49. Rxd5 Qb2+ 50. Rd2 Qa3 51. Rd7+ Kh6
52. Ne4 Rf5 53. Qe2 g5 54. Nd6 Rf4 55. Qd1 Qe3 56. Rc7 Qa3 57. Kf2 Qa2+ 58. Kg3
Qe6 59. Qd3 f5 60. Qc3 Ra4 61. Qg7+ Kh5 62. Qxh7+ Qh6 63. Qxh6+ Kxh6 64. Nxf5+
Kg6 65. Nd6 Rf4 66. Ne4 Rf8 67. Rc6+ Kf5 68. Rc8 Rxc8 69. Nd6+ Ke5 70. Nxc8 Kf5
71. Nd6+ Ke5 72. Ne4 Kf5 73. h3 Ke6 74. Kg4 Ke7 75. Kxg5 Ke6 76. Kg6 Kd5 77. h4
Kd4 78. h5 Ke3 79. Ng5 Kd3 80. h6 Kd4 81. h7 Kd5 82. f4 Kd4 83. h8=Q+ Kd5 84.
f5 Kc6 85. f6 Kd5 86. f7 Kc4 87. f8=Q Kd5 88. Qb4 Kc6 89. Qe8+ Kc7 90. Ne6# {
Hossa checkmated} 1-0

[Event "ICS rated blitz match"]
[Site "204.178.125.65"]
[Date "2001.07.15"]
[Round "?"]
[White "Tinker"]
[Black "Hossa"]
[Result "1/2-1/2"]
[WhiteElo "2528"]
[BlackElo "2611"]
[PlyCount "153"]
[EventDate "2001.??.??"]

1. e4 c5 2. Nf3 Nc6 3. d4 cxd4 4. Nxd4 Nf6 5. Nc3 e6 6. Ndb5 Bb4 7. a3 Bxc3+ 8.
Nxc3 d5 9. exd5 exd5 10. Bd3 O-O 11. O-O d4 12. Ne2 Re8 13. Bb5 Qd5 14. Bxc6
bxc6 15. Nf4 Qe5 16. Nd3 Qe2 17. Bf4 Bf5 18. Re1 Qxd1 19. Raxd1 Nd7 20. Bd6 g5
21. Rc1 a5 22. Re7 Kg7 23. Rce1 Rxe7 24. Bxe7 Bxd3 25. cxd3 Rb8 26. b4 axb4 27.
axb4 Re8 28. Kf1 Kg6 29. h4 gxh4 30. Bxh4 Rxe1+ 31. Kxe1 Nb6 32. Be7 Nd5 33.
Bd6 Kf5 34. g3 Kg4 35. Bc5 Kf3 36. Bxd4 Nxb4 37. Kd2 Nd5 38. Ba7 f5 39. Bc5 h5
40. Ke1 f4 41. Bd6 fxg3 42. fxg3 Nc3 43. Kd2 Ne2 44. Be7 Nxg3 45. Bf6 Ne2 46.
d4 Nf4 47. Bd8 Ke4 48. Bf6 Nd5 49. Bh8 Ne7 50. Bf6 Nf5 51. Ke2 Nxd4+ 52. Kd2 h4
53. Ke1 Nf3+ 54. Kf2 h3 55. Be7 h2 56. Kg2 Kd5 57. Kh1 Ke5 58. Kg2 Kd4 59. Bd8
Kd5 60. Be7 Kc4 61. Kh1 Kc3 62. Bc5 Kd2 63. Kg2 Ke2 64. Ba7 Kd3 65. Bc5 Kc2 66.
Bd6 Kc3 67. Ba3 Kd4 68. Bb4 Kc4 69. Ba3 Kb3 70. Be7 Kb2 71. Bf8 Kc1 72. Ba3+
Kd1 73. Bb4 Ke2 74. Bf8 Ke3 75. Bd6 h1=Q+ 76. Kxh1 c5 77. Bxc5+ {
Game drawn because neither player has mating material} 1/2-1/2

[Event "ICS rated blitz match"]
[Site "204.178.125.65"]
[Date "2001.07.15"]
[Round "?"]
[White "Hossa"]
[Black "Tinker"]
[Result "0-1"]
[WhiteElo "2607"]
[BlackElo "2532"]
[PlyCount "218"]
[EventDate "2001.??.??"]

1. d4 Nf6 2. Bg5 Ne4 3. h4 c5 4. d5 Qb6 5. Bc1 Qa5+ 6. c3 Na6 7. g3 e6 8. dxe6
dxe6 9. Bg2 Nd6 10. Nf3 c4 11. Bf4 Qb5 12. b4 cxb3 13. axb3 Qd5 14. O-O Nc7 15.
e4 Qc5 16. b4 Qb6 17. Be3 Qb5 18. Ra5 Qd7 19. Ne5 Qd8 20. Rxa7 Rxa7 21. Bxa7
Be7 22. Bb6 O-O 23. Qe2 f6 24. Nc4 Ndb5 25. h5 Qe8 26. h6 gxh6 27. Qg4+ Qg6 28.
Qh4 Kh8 29. Be3 h5 30. Bf3 Rg8 31. Nb6 Qg7 32. c4 Na7 33. b5 e5 34. Nd5 Nxd5
35. exd5 Nxb5 36. cxb5 f5 37. Qxh5 f4 38. Bc1 fxg3 39. Bb2 Bd6 40. Nd2 gxf2+
41. Kxf2 Qg3+ 42. Ke2 Bd7 43. Ne4 Bxb5+ 44. Kd1 Ba4+ 45. Kc1 Qf4+ 46. Kb1 Be8
47. Qh1 Bg6 48. Bc1 Qf7 49. Rd1 Ra8 50. Rd2 Ra4 51. Bg2 Qd7 52. Ra2 Qb5+ 53.
Ka1 Rxa2+ 54. Kxa2 Qxd5+ 55. Kb2 Qd4+ 56. Kc2 Bf8 57. Bb2 Qc4+ 58. Kd1 Qd3+ 59.
Kc1 Be7 60. Bxe5+ Kg8 61. Bf6 Ba3+ 62. Bb2 Qc4+ 63. Kb1 Qb4 64. Qc1 Bxb2 65.
Qc8+ Kg7 66. Qd7+ Kg8 67. Qc8+ Kf7 68. Qd7+ Kf8 69. Qd8+ Kg7 70. Qd7+ Bf7 71.
Qg4+ Kh8 72. Qc8+ Bg8 73. Kc2 b6 74. Qe8 Qb3+ 75. Kd2 Bd4 76. Qd8 Qe3+ 77. Kc2
Qb3+ 78. Kd2 Qb2+ 79. Kd3 Bg7 80. Bf3 b5 81. Bd1 b4 82. Ke3 Qa3+ 83. Kf4 b3 84.
Qd3 Qa5 85. Be2 b2 86. Bd1 Bc4 87. Qxc4 Qe5+ 88. Ke3 Bh6+ 89. Kf2 b1=Q 90. Qc8+
Kg7 91. Qd7+ Kg8 92. Qc8+ Bf8 93. Qg4+ Kh8 94. Ng3 Qea1 95. Qc8 Qb4 96. Bf3
Qab2+ 97. Ne2 Qh4+ 98. Kf1 Qa1+ 99. Nc1 Qf4 100. Qc6 h5 101. Kg2 Qg5+ 102. Kf1
Qd4 103. Ne2 Qd1+ 104. Kf2 Bc5+ 105. Qxc5 Qxc5+ 106. Kg2 Qe3 107. Kg3 Qdxe2
108. Kh3 Q3xf3+ 109. Kh4 Qg4# {Hossa checkmated} 0-1

[Event "ICS rated standard match"]
[Site "204.178.125.65"]
[Date "2001.07.15"]
[Round "?"]
[White "Hossa"]
[Black "WeeDougieB"]
[Result "1-0"]
[WhiteElo "2246"]
[BlackElo "2147"]
[PlyCount "25"]
[EventDate "2001.??.??"]

1. c4 e6 2. d4 d5 3. Nc3 Be7 4. Bf4 c6 5. e3 Nf6 6. Nf3 O-O 7. c5 Nbd7 8. Bd3
h6 9. b3 Nh5 10. Be5 f6 11. Bd6 Bxd6 12. cxd6 Qe8 13. g4 {WeeDougieB resigns}
1-0

[Event "ICS rated blitz match"]
[Site "204.178.125.65"]
[Date "2001.07.15"]
[Round "?"]
[White "PostModernist"]
[Black "Hossa"]
[Result "1-0"]
[WhiteElo "2729"]
[BlackElo "2588"]
[PlyCount "124"]
[EventDate "2001.??.??"]

1. c4 e5 2. g3 Nf6 3. Bg2 c6 4. d4 exd4 5. Qxd4 d5 6. Nf3 dxc4 7. Qxd8+ Kxd8 8.
O-O Bc5 9. Bg5 Be6 10. e4 Kc8 11. Bxf6 gxf6 12. Nbd2 Rd8 13. Rfd1 Nd7 14. Bf1
Ne5 15. Nxe5 fxe5 16. Nxc4 Bd4 17. Rac1 Kc7 18. b4 Rg8 19. b5 Bg4 20. Rd2 Rg6
21. Be2 Bh3 22. a4 Rag8 23. Kh1 Bd7 24. Bh5 R6g7 25. bxc6 Bxc6 26. Na5 Kd6 27.
f3 Bxa4 28. Nxb7+ Ke7 29. Rc7+ Ke6 30. Nc5+ Kd6 31. Rxa7 Kxc5 32. Rxa4 Kb5 33.
Ra3 Kb4 34. Rdd3 Kc4 35. Rd1 Re8 36. Rb1 Re6 37. Rb7 Rf6 38. Kg2 Bc5 39. Ra5
Bd4 40. Rd5 Kd3 41. Rdd7 h6 42. Bxf7 Ke3 43. h4 Bb6 44. Bd5 Rxd7 45. Rxd7 Bd4
46. Rf7 Rxf7 47. Bxf7 Bc3 48. Bh5 Kd4 49. Be8 Ke3 50. Bf7 Bd2 51. Bh5 Bc1 52.
Kh3 Bd2 53. Kg4 Bb4 54. Bf7 Bd6 55. Bd5 Bc7 56. Kh5 Kxf3 57. Kxh6 Kxg3 58. h5
Bb6 59. Kg6 Kf4 60. h6 Ke3 61. h7 Kf4 62. h8=Q Bd4 {Hossa resigns} 1-0

[Event "ICS rated standard match"]
[Site "204.178.125.65"]
[Date "2001.07.15"]
[Round "?"]
[White "BrazilianMaster"]
[Black "Hossa"]
[Result "1-0"]
[WhiteElo "2708"]
[BlackElo "2264"]
[PlyCount "116"]
[EventDate "2001.??.??"]

1. d4 d5 2. c4 c6 3. Nf3 Nf6 4. Nc3 e6 5. e3 Nbd7 6. Qc2 Bd6 7. Bd3 O-O 8. O-O
dxc4 9. Bxc4 a6 10. a4 Qc7 11. Bd3 c5 12. Bd2 Rd8 13. Rfc1 Re8 14. Ne4 Nxe4 15.
Bxe4 f5 16. Bd3 b6 17. a5 Bb7 18. axb6 Qxb6 19. Ba5 Qa7 20. Ng5 g6 21. Bc4 Bd5
22. b4 Bxc4 23. Qxc4 cxd4 24. Nxe6 Ne5 25. Qd5 dxe3 26. Qxd6 exf2+ 27. Kf1 Qe3
28. Bb6 Qd3+ 29. Qxd3 Nxd3 30. Nc7 Re1+ 31. Rxe1 fxe1=Q+ 32. Rxe1 Rb8 33. Re6
Nxb4 34. Rd6 g5 35. Ke2 Rb7 36. Rf6 f4 37. Ba5 Nc2 38. Ne6 Rf7 39. Rxf7 Kxf7
40. Nxg5+ Kg6 41. Nh3 Nd4+ 42. Kd3 Nc6 43. Nxf4+ Kf5 44. Bc7 a5 45. Ne2 Ke6 46.
Nd4+ Nxd4 47. Kxd4 a4 48. Kc3 Kd7 49. Ba5 a3 50. Kb3 Kc6 51. Kxa3 Kc5 52. h4
Kd6 53. g4 Ke5 54. Bd2 Kd6 55. Bh6 Kd5 56. h5 Ke4 57. g5 Kd3 58. g6 Kc4 {
Hossa resigns} 1-0

[Event "ICS rated blitz match"]
[Site "204.178.125.65"]
[Date "2001.07.15"]
[Round "?"]
[White "MelRose21"]
[Black "Hossa"]
[Result "0-1"]
[WhiteElo "2197"]
[BlackElo "2578"]
[PlyCount "54"]
[EventDate "2001.??.??"]

1. e4 c5 2. Nc3 Nc6 3. f4 e6 4. Nf3 a6 5. a4 d5 6. e5 Bd7 7. d3 Be7 8. Be2 Nh6
9. O-O O-O 10. Qe1 Qc7 11. Bd1 b6 12. h3 f6 13. Kh1 fxe5 14. Nxe5 Nxe5 15. fxe5
Rxf1+ 16. Qxf1 Nf7 17. Bf4 Nxe5 18. Qe1 Nxd3 19. Bxc7 Nxe1 20. Bxb6 Rb8 21. a5
d4 22. Na4 Rf8 23. Bg4 Rf1+ 24. Kh2 Bd6+ 25. g3 Bc6 26. Bxe6+ Kf8 27. Rxe1 Rxe1
{MelRose21 resigns} 0-1

[Event "ICS rated blitz match"]
[Site "204.178.125.65"]
[Date "2001.07.15"]
[Round "?"]
[White "Hossa"]
[Black "MelRose21"]
[Result "1-0"]
[WhiteElo "2581"]
[BlackElo "2194"]
[PlyCount "165"]
[EventDate "2001.??.??"]

1. e4 d5 2. exd5 Qxd5 3. Nc3 Qa5 4. d4 c6 5. Nf3 Nf6 6. Bc4 Bg4 7. O-O e6 8. h3
Bxf3 9. Qxf3 Be7 10. Qg3 O-O 11. Bh6 Nh5 12. Qg4 Kh8 13. Bd2 Nf6 14. Qf4 Qb6
15. Rab1 Nbd7 16. Ne2 Nd5 17. Qg4 N7f6 18. Qf3 Kg8 19. g3 Qc7 20. Rfd1 b5 21.
Bb3 a5 22. c3 Bd6 23. Bc2 a4 24. a3 Nb6 25. Bg5 Be7 26. Bxf6 Bxf6 27. Be4 Rac8
28. Re1 Nc4 29. Bd3 Kh8 30. Red1 Nb6 31. Qh5 g6 32. Qh6 Bg7 33. Qg5 Nd5 34. Be4
Qe7 35. Qd2 Rfd8 36. Nf4 Nxf4 37. Qxf4 Kg8 38. Qe3 Qd6 39. Bf3 Rd7 40. h4 h5
41. Ra1 Rdd8 42. Qg5 Rd7 43. Rd3 Qe7 44. Qe3 Qf6 45. Be4 Rd6 46. Re1 Qd8 47.
Red1 Qf6 48. Qd2 Kh7 49. Qe2 Kg8 50. Rf1 Qd8 51. Qe3 Qe7 52. Rdd1 Qd8 53. Ra1
Kh7 54. Qf4 Qf6 55. Qxd6 Qd8 56. Qxd8 Rxd8 57. Bxc6 Rb8 58. Kg2 Bf8 59. Kf3 Kg7
60. Rfe1 Kf6 61. Re5 Bd6 62. Rxb5 Rxb5 63. Bxb5 Bc7 64. Bxa4 Bb6 65. b3 Ke7 66.
Bb5 Kd6 67. Re1 Ba7 68. Ke4 f5+ 69. Kd3 Bb6 70. Bc4 Ba7 71. Rxe6+ Kd7 72. Rxg6
Bb6 73. Rxb6 Ke7 74. Rb7+ Kf6 75. Rf7+ Kg6 76. f4 Kh6 77. Bd5 Kg6 78. c4 Kh6
79. b4 Kg6 80. a4 Kh6 81. Rxf5 Kg6 82. Be4 Kh6 83. Re5 {MelRose21 resigns} 1-0